000 01992nam a2200217Ia 4500
003 Ost
005 20260507075726.0
008 260507s9999||||xx |||||||||||||| ||und||
020 _a8284104977
040 _cfsecg
041 _aara
082 _a332.75
100 _aالامين، سمير
_eمؤلف
245 0 _aالتفليسة طبقا للقانون التجاري 17 لسنة 1999 /
_c سمير الامين
260 _aالقاهرة:
_bالنسر الذهبي للطباعة,
_c2000
300 _a165 صفحة؛
_c24 سم
504 _aبيبليوغرافيا :ص.155
520 _aالفصل الأول : الفصل الأول بدء التفليسة : إخطار أمين التفليسة بمباشرة التفليسة : الحكمة من هذا الإخطار : الإجراءات الملتزم بها أمين التفليسة عقب إخطاره – الفصل الثاني : أشخاص التفليسة : أولا : قاضي التفليسة : ثانيا : مراقب التفليسة : ثالثا : أمين التفليسة : رابعا : النيابة التفليسية : رابعا : النيابة العامة : خامسا : المحكمة : سادسا : المدين المفلس : سابعا : جماعة الدائنين : من أحكام النقض – الفصل الثالث : إدارة التفليسة : المبحث الأول : الجانب الايجابي لإدارة التفليسة : المبحث الثاني : الجانب السلبي لإدارة التفليسة : المبحث الثالث : في قفل التفليسة: المبحث الرابع : من أحكام النقض – الفصل الرابع : انتهاء التفليسة : المبحث الأول : انتهاء التفليسة لزوال مصلحة جماعة الدائنين : المبحث الثاني : الصلح القضائي : المبحث الثالث : الصلح مع التخلي عن الأموال
653 _aالافلاس
942 _cكتاب
999 _c45978
_d45978